000
00329nam a2200145Ia 4500
008
230917s9999||||xx |||||||||||||| ||und||
040
_e
148950
_a
MAIN
041
_a
English
082
_a
658 R18M
100
_a
Rao, P L
245
0
_a
Management Games
260
_a
New Delhi
_b
EXCEL
_c
2010
300
_a
496p. p.
942
_c
BK
999
_c
150190
_d
150190